| 000 | 01047nam a22003017a 4500 | ||
|---|---|---|---|
| 003 | DO-SdBNP | ||
| 005 | 20230928092025.0 | ||
| 008 | 060721983 sp ac spa | ||
| 017 |
_a _b |
||
| 035 | _a | ||
| 040 |
_aBPMSU _bspa _cBPMSU _e |
||
| 082 | 4 |
_a759.6 _bG724e 1983 _222 |
|
| 100 | 1 |
_aHagen, Rose-Marie. _d1746-1828 |
|
| 245 | 1 | 0 |
_aGoya : _b en las colecciones madrileñas / _cPresentación Alfonso E. Pérez Sánchez _h |
| 260 |
_a[Barcelona] : _bMuseo del Prado _c1983 _e _f |
||
| 300 |
_a239 p. : _bil., retrs ; _c24 cm. |
||
| 500 | _3Esta exposición ha sido patrocinada por la Compañia CocaCola de Esapaña S.A | ||
| 504 | _aBibliográfica p: 96 | ||
| 590 | _aInventariado, 2023/VM | ||
| 600 | 1 | 4 |
_aGoya, Francisco de _d1746-1828 _xTrabajos pictóricos |
| 650 | 4 |
_aPintura española _vCatálogos _x |
|
| 650 | 4 | _aPintores españoles. | |
| 700 | 1 |
_aPérez Sánchez, Alonso E. _epresentación |
|
| 710 | 2 | _aMuseo del Prado (España) | |
| 910 | _aVMateo V. Control de calidad. BPMSU | ||
| 942 |
_2ddc _cBK |
||
| 980 |
_a _a _b _j _c |
||
| 999 |
_c14468 _d14468 |
||